| 000 | 00869nam a2200217Ii 4500 | ||
|---|---|---|---|
| 003 | JO-AjNU | ||
| 008 | 230605s9999||||xx |||||||||||||| ||und|| | ||
| 020 | _a978-156564-346-8 | ||
| 040 |
_aJO-AjNU _bara _erda _cJO-AjNU |
||
| 041 | _aara | ||
| 050 | 1 | 4 | _aBP144 2011 |
| 100 | 3 |
_aهلال، هدى محمد حسن, _eauthor _952447 |
|
| 245 | 0 | 0 | _aنظرية الأهلية : دراسة تحليلية مقارنة بين الفقه وعلم النفس |
| 250 | _aط1 | ||
| 264 | 3 | 1 | _aفيرجينيا: المعهد العالمي للفكر الاسلامي، 2011 |
| 300 |
_a340ص _bالمصادر والمراجع ص 313-333 ؛ الفهارس العامة ص335-340 |
||
| 336 |
_atext _btxt _2rdacontent |
||
| 337 |
_aunmediated _bn _2rdamedia |
||
| 338 |
_avolume _bnc _2rdacarrier |
||
| 650 | 4 |
_aالاهلية- فقه اسلامي- جوانب نفسية _952448 |
|
| 999 |
_aA23233 _c26801 _d26801 |
||